| 000 | 00630nam a2200181 a 4500 | ||
|---|---|---|---|
| 001 | 000002978 | ||
| 005 | 20200929150310.0 | ||
| 008 | 090706s2008 dr 000 0 spa d | ||
| 040 |
_aDO-SdBNP _bspa _cBNPHU |
||
| 082 |
_axxxx _bI587c |
||
| 100 | 1 |
_aInoa, Orlidy _99454 |
|
| 245 | 1 | 0 |
_aControl de armas de fuego en el Caribe : _bRepública Dominicana, Haití, Cuba y Puerto Rico. / _cOrlidy Inoa. |
| 260 |
_aSanto Domingo : _bArgos, _bInstituto Caribeño para el Estado de Derecho, _c2008. |
||
| 300 |
_a37 p. ; _c21 cm. |
||
| 500 | _aIncluye notas al pie de las páginas | ||
| 500 | _aIncluye documentos consultados | ||
| 049 | _aBNPD | ||
| 999 |
_c2810 _d2810 |
||